[Event "Netanya Open 2019"]
[Site "Netanya ISR"]
[Date "2019.06.23"]
[Round "1.1"]
[White "Korobov, Anton"]
[Black "Slobodiansky, Steven"]
[Result "1-0"]
[WhiteTitle "GM"]
[WhiteElo "2687"]
[BlackElo "2106"]
[WhiteFideId "14105730"]
[BlackFideId "2818523"]
[EventDate "2019.06.23"]

1. d4 Nf6 2. c4 e6 3. Nc3 Bb4 4. Qc2 O-O 5. Bg5 d6 6. e3 Nbd7 7. Bd3 h6 8. Bh4
e5 9. Ne2 Re8 10. O-O Bxc3 11. Nxc3 Nf8 12. dxe5 Rxe5 13. f4 Re8 14. Nd5 N8d7
15. Bh7+ Kh8 16. Bf5 g5 17. Bxd7 Bxd7 18. fxg5 Ne4 19. Rxf7 hxg5 20. Qe2 Kg8 21.
Qh5 Bf5 22. Rxf5 1-0

[Event "Netanya Open 2019"]
[Site "Netanya ISR"]
[Date "2019.06.23"]
[Round "1.2"]
[White "Mizrahi, Ido"]
[Black "Kuzubov, Yuriy"]
[Result "0-1"]
[BlackTitle "GM"]
[WhiteElo "2100"]
[BlackElo "2671"]
[WhiteFideId "2820269"]
[BlackFideId "14112906"]
[EventDate "2019.06.23"]

1. c4 e5 2. g3 Nc6 3. Nc3 Bc5 4. Bg2 d6 5. e3 a6 6. Nge2 h5 7. d4 Ba7 8. h3 h4
9. d5 Nce7 10. e4 hxg3 11. fxg3 c6 12. Qd3 cxd5 13. cxd5 b5 14. b4 Bd7 15. Be3
Bxe3 16. Qxe3 a5 17. bxa5 Qxa5 18. Qd2 Nf6 19. g4 b4 20. Nd1 Bb5 21. Nc1 Ng6 22.
Nb3 Qa6 23. Nb2 Nf4 24. Bf3 Rc8 25. g5 Nd7 26. Kf2 Rc3 27. Rac1 Qa7+ 28. Kg3
Ne2+ 29. Kg2 Nxc1 30. Rxc1 Qc7 31. Nd1 Rxc1 32. Nxc1 O-O 33. Nb3 Ra8 34. Qxb4
Rxa2+ 35. Kg3 Qb6 36. Nc3 Qf2+ 37. Kg4 Nf6+ 38. gxf6 Bd7+ 0-1

[Event "Netanya Open 2019"]
[Site "Netanya ISR"]
[Date "2019.06.23"]
[Round "1.3"]
[White "Moiseenko, Alexander"]
[Black "Brenner, Moshe"]
[Result "1-0"]
[WhiteTitle "GM"]
[WhiteElo "2642"]
[BlackElo "2098"]
[WhiteFideId "14102560"]
[BlackFideId "2805138"]
[EventDate "2019.06.23"]

1. d4 Nf6 2. c4 g6 3. Nc3 d5 4. Bg5 Ne4 5. Bh4 Nxc3 6. bxc3 c6 7. e3 Bg7 8. Nf3
O-O 9. Qb3 b6 10. Be2 Ba6 11. O-O Re8 12. Rfe1 Bb7 13. a4 Qc8 14. a5 Nd7 15.
cxd5 cxd5 16. a6 Bc6 17. c4 e6 18. Rec1 Qb8 19. Qc2 dxc4 20. Qxc4 Bd5 21. Qa4
Nf6 22. Ne5 Qd6 23. Bg3 Qe7 24. Nc6 Qd7 25. Bb5 Rec8 26. f3 Nh5 27. Bh4 f6 28.
e4 Bxc6 29. Bxc6 Rxc6 30. Qxc6 Qxd4+ 31. Bf2 Qd8 32. Qxe6+ Kh8 33. Rd1 Qf8 34.
Qd6 f5 35. Qxf8+ Rxf8 36. Bd4 fxe4 37. Bxg7+ Kxg7 38. Rd7+ Rf7 39. Rxf7+ Kxf7
40. Rc1 Nf6 41. Rc7+ Ke6 42. Rxa7 Nd7 43. Rxd7 1-0

[Event "Netanya Open 2019"]
[Site "Netanya ISR"]
[Date "2019.06.23"]
[Round "1.4"]
[White "Nissim, Yonatan"]
[Black "Parligras, Mircea-Emilian"]
[Result "0-1"]
[BlackTitle "GM"]
[WhiteElo "2082"]
[BlackElo "2638"]
[WhiteFideId "2818361"]
[BlackFideId "1204297"]
[EventDate "2019.06.23"]

1. d4 Nf6 2. c4 e6 3. Nc3 Bb4 4. Qc2 d5 5. cxd5 exd5 6. Bg5 c5 7. dxc5 h6 8. Bh4
O-O 9. e3 Be6 10. Nf3 Nbd7 11. a3 Bxc3+ 12. Qxc3 g5 13. Bg3 Ne4 14. Qc2 Ndxc5
15. Nd4 Rc8 16. Be2 Bd7 17. b3 Qe7 18. O-O f5 19. Nf3 Na4 20. Qd3 Nac3 21. a4 f4
22. exf4 Nxg3 23. fxg3 Bf5 24. Qd2 Qxe2 25. Qxe2 Nxe2+ 26. Kf2 Rc2 0-1

[Event "Netanya Open 2019"]
[Site "Netanya ISR"]
[Date "2019.06.23"]
[Round "1.5"]
[White "Efimenko, Zahar"]
[Black "Sokolovsky, Yahli"]
[Result "1-0"]
[WhiteTitle "GM"]
[WhiteElo "2632"]
[BlackElo "2074"]
[WhiteFideId "14107201"]
[BlackFideId "2820242"]
[EventDate "2019.06.23"]

1. e4 c5 2. Nc3 d6 3. Nge2 Nf6 4. g3 Nc6 5. Bg2 g6 6. d3 Bg7 7. h3 O-O 8. O-O
Rb8 9. a4 b6 10. Be3 Bb7 11. Qd2 Qd7 12. Bh6 Ne8 13. Bxg7 Nxg7 14. d4 cxd4 15.
Nxd4 Rbc8 16. Rfe1 Ne5 17. b3 Ne6 18. Nde2 Nc6 19. Nd5 Ba6 20. c4 Na5 21. Qc3
Nc7 22. Rad1 f6 23. Rd2 Bb7 24. Red1 Nc6 25. f4 Nd8 26. Kh2 f5 27. Qe3 fxe4 28.
Bxe4 Nxd5 29. Bxd5+ Bxd5 30. Rxd5 Qe6 31. Qf3 Nc6 32. Nc3 Rf5 33. R1d2 Qf7 34.
Rxf5 Qxf5 35. Nd5 Qf7 36. Qe4 e5 37. Kg2 Re8 38. Rf2 Nd4 39. fxe5 Nf5 40. g4
Rxe5 41. Qd3 Nh4+ 42. Kg3 Qg7 43. Kxh4 Re1 44. Nf6+ Kh8 45. Kg3 Qh6 46. Nd5 Qc1
47. Qc3+ 1-0

[Event "Netanya Open 2019"]
[Site "Netanya ISR"]
[Date "2019.06.23"]
[Round "1.6"]
[White "Parnes, Nadav"]
[Black "Roiz, Michael"]
[Result "0-1"]
[BlackTitle "GM"]
[WhiteElo "2066"]
[BlackElo "2603"]
[WhiteFideId "2818752"]
[BlackFideId "2804158"]
[EventDate "2019.06.23"]

1. Nf3 Nf6 2. g3 b5 3. Bg2 Bb7 4. O-O e6 5. d3 Be7 6. Nbd2 O-O 7. e4 d6 8. c3 c5
9. Qe2 Nc6 10. Ng5 Nd7 11. Nh3 b4 12. Nc4 Nb6 13. Nxb6 axb6 14. f4 b5 15. Bd2
bxc3 16. bxc3 Ra3 17. f5 exf5 18. exf5 Bf6 19. Qh5 g6 20. Qd1 b4 21. Bh6 Rxc3
22. fxg6 hxg6 23. Bxf8 Kxf8 24. Qd2 Kg7 25. Bd5 Qe7 26. Qg2 Nd8 27. Nf4 Be5 28.
Rae1 Ra3 29. Bxb7 Qxb7 30. Re2 Qxg2+ 31. Kxg2 Nc6 32. Rd2 Bc3 33. Re2 Be5 34.
Rd2 Nd4 35. g4 f5 36. h3 g5 37. Nd5 f4 38. Kf2 Ra8 39. Rh1 Rh8 40. Rdd1 Kf7 41.
Kg2 Ke6 42. Nc7+ Kd7 43. Nd5 Re8 44. Rc1 Rh8 45. Kf2 Rh7 46. Nb6+ Kc6 47. Nc4
Ra7 48. a3 bxa3 49. Rc3 Nb5 50. Nxe5+ dxe5 51. Rc2 Nd4 52. Ra2 Kd5 53. h4 gxh4
54. Rxh4 Nc6 55. Ke2 Nb4 56. Ra1 Nc2 57. Ra2 Nb4 58. Ra1 a2 59. Kd2 Ra3 60. Rh3
Rb3 61. g5 Rb2+ 62. Kc3 Rg2 0-1

[Event "Netanya Open 2019"]
[Site "Netanya ISR"]
[Date "2019.06.23"]
[Round "1.9"]
[White "Antipov, Mikhail Al."]
[Black "Zhimalov, Adam"]
[Result "1-0"]
[WhiteTitle "GM"]
[WhiteElo "2582"]
[BlackElo "2044"]
[WhiteFideId "4107012"]
[BlackFideId "2816113"]
[EventDate "2019.06.23"]

1. e4 c5 2. Nf3 d6 3. d4 cxd4 4. Nxd4 Nf6 5. Nc3 a6 6. h3 e6 7. g4 h6 8. Bg2 g5
9. b3 Nbd7 10. Bb2 Ne5 11. Qd2 Nfd7 12. O-O-O Be7 13. Kb1 Qa5 14. f4 gxf4 15.
Qxf4 Rh7 16. h4 b6 17. Nf5 Qc5 18. Nxe7 Kxe7 19. Rd2 f6 20. Rhd1 Nf7 21. e5 Ra7
22. exd6+ Kf8 23. Ne4 Qa5 24. Nxf6 Nxf6 25. Qxf6 1-0

[Event "Netanya Open 2019"]
[Site "Netanya ISR"]
[Date "2019.06.23"]
[Round "1.10"]
[White "Freidles, Victor"]
[Black "Mikhalevski, Victor"]
[Result "0-1"]
[BlackTitle "GM"]
[WhiteElo "2040"]
[BlackElo "2579"]
[WhiteFideId "2807092"]
[BlackFideId "2801914"]
[EventDate "2019.06.23"]

1. e4 e5 2. Nf3 Nc6 3. Bb5 g6 4. c3 a6 5. Ba4 Bg7 6. d4 exd4 7. cxd4 b5 8. d5
bxa4 9. dxc6 Ne7 10. Qxa4 Nxc6 11. O-O O-O 12. Nc3 h6 13. Bf4 Ne7 14. Rfd1 d6
15. e5 d5 16. Ne4 Bd7 17. Qa3 dxe4 18. Rd2 Qe8 19. Rad1 Bg4 0-1

[Event "Netanya Open 2019"]
[Site "Netanya ISR"]
[Date "2019.06.23"]
[Round "1.12"]
[White "Tartakovsky, Daniel"]
[Black "Rozentalis, Eduardas"]
[Result "0-1"]
[BlackTitle "GM"]
[WhiteElo "2034"]
[BlackElo "2540"]
[WhiteFideId "2813653"]
[BlackFideId "12800023"]
[EventDate "2019.06.23"]

1. d4 Nf6 2. c4 e6 3. g3 Bb4+ 4. Bd2 c5 5. Bxb4 cxb4 6. Bg2 O-O 7. e4 d6 8. Ne2
Qc7 9. b3 e5 10. a3 bxa3 11. O-O Nc6 12. Nxa3 a6 13. Nb5 Qe7 14. Nbc3 Re8 15.
Re1 exd4 16. Nxd4 Qe5 17. Nce2 Nb4 18. Nf4 Qc5 19. Nd3 Nxd3 20. Qxd3 Ng4 21.
Rad1 Bd7 22. h3 Ne5 23. Qd2 Rad8 24. Nf5 Bxf5 25. exf5 d5 26. Qf4 d4 27. Bxb7 f6
28. Qd2 Qb6 29. f4 Qxb7 30. fxe5 fxe5 31. Qg5 e4 32. f6 e3 33. Rd3 Qf7 34. Qxg7+
Qxg7 35. fxg7 Kxg7 36. Kf1 Kf6 37. Ke2 Ke5 38. Ra1 Rf8 39. Rxa6 Rf2+ 40. Ke1
Rdf8 0-1

[Event "Netanya Open 2019"]
[Site "Netanya ISR"]
[Date "2019.06.23"]
[Round "1.13"]
[White "Kogan, Arthur"]
[Black "Gov, Guy"]
[Result "1-0"]
[WhiteTitle "GM"]
[WhiteElo "2535"]
[BlackElo "2024"]
[WhiteFideId "2800802"]
[BlackFideId "2820200"]
[EventDate "2019.06.23"]

1. d4 Nf6 2. Nf3 e6 3. Bg5 h6 4. Bh4 Be7 5. Nbd2 b6 6. e4 Bb7 7. Bd3 d6 8. Qe2
O-O 9. O-O-O Nbd7 10. g4 Nxg4 11. Bxe7 Qxe7 12. Rhg1 h5 13. h3 Nh6 14. Qe3 Kh8
15. Rg5 f6 16. Nh4 Qf7 17. Rg6 Rg8 18. e5 f5 19. Rdg1 Nf8 20. R6g5 dxe5 21. Qxe5
Nd7 22. Qf4 c5 23. Nc4 Nf6 24. Ne5 Qe8 25. Rxg7 1-0

[Event "Netanya Open 2019"]
[Site "Netanya ISR"]
[Date "2019.06.23"]
[Round "1.14"]
[White "Cohen, Elad"]
[Black "Svetushkin, Dmitry"]
[Result "0-1"]
[BlackTitle "GM"]
[WhiteElo "2019"]
[BlackElo "2532"]
[WhiteFideId "2825740"]
[BlackFideId "13900463"]
[EventDate "2019.06.23"]

1. e4 g6 2. d4 Bg7 3. Nf3 d6 4. Bc4 c6 5. Qe2 d5 6. exd5 cxd5 7. Bb3 Nc6 8. O-O
Nf6 9. c3 O-O 10. Re1 e6 11. Nbd2 b6 12. Ba4 Bb7 13. Ne5 Qc7 14. Nxc6 Bxc6 15.
Bxc6 Qxc6 16. Nf3 Nd7 17. Bf4 b5 18. Ne5 Nxe5 19. Bxe5 f6 20. Bg3 Kf7 21. a4 a6
22. axb5 axb5 23. h3 Ra6 24. Rxa6 Qxa6 25. Qe3 Ra8 26. Qf4 Qb7 27. Qc7+ Qxc7 28.
Bxc7 Ra2 29. Bd6 Rxb2 30. Ra1 g5 31. g4 f5 32. Ra7+ Kg6 33. Ra6 fxg4 34. hxg4 h5
35. Be5 Bxe5 36. gxh5+ Kf5 37. dxe5 b4 38. cxb4 Rxb4 39. Ra8 Kxe5 40. Rg8 Kf6
41. h6 Rb7 42. Rh8 Kg6 43. Re8 Kf6 44. Rh8 Re7 45. Kf1 Kg6 46. Ke2 Rh7 47. Rg8+
Kh5 48. f4 g4 49. Rg5+ Kxh6 50. Rxg4 Rg7 51. Rh4+ Kg6 52. Ke3 Kf6 53. Rh6+ Rg6
54. Rh3 Ke7 55. Rh7+ Kd6 56. Ra7 Rg3+ 57. Kd4 Rf3 58. Rf7 Rxf4+ 59. Rxf4 e5+ 60.
Ke3 exf4+ 0-1

[Event "Netanya Open 2019"]
[Site "Netanya ISR"]
[Date "2019.06.23"]
[Round "1.16"]
[White "Stolyarsky, Yegor"]
[Black "Rechlis, Gad"]
[Result "0-1"]
[BlackTitle "GM"]
[WhiteElo "2007"]
[BlackElo "2506"]
[WhiteFideId "2814595"]
[BlackFideId "2800047"]
[EventDate "2019.06.23"]

1. d4 Nf6 2. Nf3 g6 3. c4 Bg7 4. Nc3 O-O 5. e4 d6 6. h3 a6 7. Bd3 Nbd7 8. O-O e5
9. d5 Nh5 10. Kh2 Nf4 11. Bc2 Nb6 12. b3 g5 13. Be3 Qf6 14. Ng1 Nd7 15. g3 Qh6
16. gxf4 gxf4 17. Bd2 Kh8 18. Bd3 Rg8 19. Be2 Nf6 20. Bf3 Qh4 21. Be1 Bh6 22.
Bg2 Rxg2+ 23. Kxg2 Bxh3+ 24. Nxh3 Rg8+ 25. Kh2 Ng4+ 26. Qxg4 Rxg4 27. f3 Rg3 28.
Bxg3 Qxg3+ 29. Kh1 Qxh3+ 30. Kg1 Qg3+ 31. Kh1 Bg5 32. Rac1 Qh3+ 33. Kg1 Qg3+ 34.
Kh1 Bh4 35. Rc2 Qh3+ 36. Kg1 Bg3 37. Rg2 h5 38. Nd1 c5 39. Nf2 Qd7 40. Rb1 h4
41. Ng4 f5 42. Nf2 h3 43. Rh2 Bxh2+ 44. Kxh2 Qh7 45. exf5 Qh5 46. Ng4 Qxf5 47.
Rg1 Qg6 48. Kh1 e4 49. Nf2 Qh5 50. Rg4 e3 51. Nd3 e2 52. Rxf4 Qg5 53. Rg4 Qd2 0-1

[Event "Netanya Open 2019"]
[Site "Netanya ISR"]
[Date "2019.06.23"]
[Round "1.20"]
[White "Sherman, Reem"]
[Black "Bar, Roman"]
[Result "1/2-1/2"]
[BlackTitle "IM"]
[WhiteElo "1978"]
[BlackElo "2497"]
[WhiteFideId "2822288"]
[BlackFideId "2803879"]
[EventDate "2019.06.23"]

1. e4 c5 2. Nf3 Nc6 3. d4 cxd4 4. Nxd4 g6 5. Be3 Nf6 6. Nc3 Bg7 7. Bc4 O-O 8.
Bb3 Qa5 9. O-O d6 10. h3 Bd7 11. f4 Rfe8 12. Nf3 Be6 13. Bxe6 fxe6 14. Ng5 Nd8
15. Qd3 Rc8 16. f5 Nd7 17. fxe6 Ne5 18. Qe2 h6 19. Nf7 Ndxf7 20. exf7+ Nxf7 21.
Qg4 Nh8 22. Nd5 Rxc2 23. Qh4 Kh7 24. Rf3 Rxb2 25. Raf1 Qxa2 26. Qg4 h5 27. Qg5
Rb1 28. g4 Rf8 29. Rxf8 Bxf8 30. Bc1 Qc4 31. Qf4 Bg7 32. gxh5 Qd4+ 33. Kh1 Qe5
34. hxg6+ Nxg6 35. Qg4 e6 36. Nc7 Rb4 37. Nxe6 Bf6 38. Bg5 Qxe4+ 39. Qxe4 Rxe4
40. Rxf6 Ne5 41. h4 Ng4 42. Rf7+ Kg6 43. Re7 Kf5 44. Ng7+ Kg6 45. Rxb7 a5 46.
Kg2 a4 47. Kf3 d5 48. Ne6 Nh2+ 49. Kg3 Nf1+ 50. Kf2 Rxe6 51. Kxf1 Ra6 52. Rb1 a3
53. Ke2 a2 54. Ra1 Kh5 55. Kd3 Ra7 56. Kc3 Ra6 57. Kb2 Rb6+ 58. Kxa2 Rb7 59. Rd1
Rb5 60. Ka3 Kg6 61. Ka4 Rc5 62. Kb4 Rc4+ 63. Kb5 Re4 64. Rxd5 Kh5 65. Kc5 Kg6
66. Kd6 Ra4 67. Ke5 Kh5 68. Kf5 Rd4 69. Re5 Rd5 70. Bf6 Rd1 71. Re4 Rf1+ 72. Rf4
Rg1 73. Rf3 Rb1 74. Rf2 Rc1 75. Be5 Rh1 76. Rc2 Kxh4 77. Bf4 Kh3 78. Ra2 Kh4 79.
Rb2 Kh3 80. Rf2 Kh4 81. Rf3 Rg1 82. Rf2 Rh1 83. Rb2 Kh3 84. Rc2 Kh4 85. Rc3 Rg1
86. Rf3 Rg8 87. Be5 Rg5+ 88. Ke4 Kh5 89. Bf6 Rg4+ 90. Kf5 Rg5+ 91. Ke6 Rg2 92.
Rf4 Kg6 93. Be5 Rg1 94. Rf8 Rg4 95. Rf6+ Kh5 96. Kf5 Rg5+ 97. Ke4 Rg6 98. Rf1
Rg4+ 1/2-1/2

[Event "Netanya Open 2019"]
[Site "Netanya ISR"]
[Date "2019.06.23"]
[Round "1.21"]
[White "Khmelniker, Ilya"]
[Black "Feldman, Antony"]
[Result "1-0"]
[WhiteTitle "GM"]
[WhiteElo "2483"]
[BlackElo "1972"]
[WhiteFideId "2805340"]
[BlackFideId "2804565"]
[EventDate "2019.06.23"]

1. d4 g6 2. c4 Bg7 3. Nc3 d6 4. Nf3 Bg4 5. g3 Bxf3 6. exf3 Nc6 7. d5 Ne5 8. Bg2
Qd7 9. Qe2 Qf5 10. Ne4 Nf6 11. g4 Qc8 12. Ng3 b5 13. cxb5 Ned7 14. O-O O-O 15.
Rd1 Nb6 16. a4 a6 17. bxa6 Qxa6 18. a5 Nfxd5 19. Qxa6 Rxa6 20. Bf1 Raa8 21. Ra3 1-0

[Event "Netanya Open 2019"]
[Site "Netanya ISR"]
[Date "2019.06.23"]
[Round "1.22"]
[White "Neiman, Maks"]
[Black "Flom, Gabriel"]
[Result "0-1"]
[BlackTitle "IM"]
[WhiteElo "1964"]
[BlackElo "2480"]
[WhiteFideId "2815133"]
[BlackFideId "621650"]
[EventDate "2019.06.23"]

1. d4 Nf6 2. Bf4 e6 3. e3 c5 4. Nf3 d5 5. c3 Nc6 6. Nbd2 Be7 7. Bd3 Nh5 8. Bg3
g6 9. Qe2 Qb6 10. Rb1 cxd4 11. exd4 O-O 12. Ne5 Nxe5 13. Bxe5 f6 14. Bg3 e5 15.
c4 Qxd4 16. cxd5 Bb4 17. O-O Bxd2 18. Qxd2 Nxg3 19. hxg3 e4 0-1

[Event "Netanya Open 2019"]
[Site "Netanya ISR"]
[Date "2019.06.23"]
[Round "1.23"]
[White "Grinberg, Eyal"]
[Black "Kinberg, Ofer"]
[Result "1-0"]
[WhiteTitle "IM"]
[WhiteElo "2474"]
[BlackElo "1962"]
[WhiteFideId "2806070"]
[BlackFideId "2805766"]
[EventDate "2019.06.23"]

1. e4 e5 2. Nf3 Nc6 3. Bb5 a6 4. Ba4 Nf6 5. Nc3 Bb4 6. Nd5 Nxd5 7. exd5 Ne7 8.
Nxe5 Nxd5 9. Bb3 c6 10. O-O O-O 11. Bxd5 cxd5 12. d4 Be7 13. Nd3 d6 14. Nf4 Be6
15. Re1 Qd7 16. Qf3 Rae8 17. Nxd5 Qc6 18. Nxe7+ Rxe7 19. Qxc6 bxc6 20. Bf4 Rd7
21. Re3 Rb8 22. b3 g6 23. f3 Rb4 24. c3 Rb6 25. c4 d5 26. c5 Rb4 27. Be5 Rdb7
28. Bf6 h5 29. h3 a5 30. g4 h4 31. Kf2 a4 32. Rd3 Ra7 33. Rb1 axb3 34. Rdxb3
Rxa2+ 35. Ke3 Rxb3+ 36. Rxb3 Ra8 37. Kf4 Kf8 38. Bxh4 Re8 39. Bf6 Bd7 40. Rb7
Re6 41. Kg5 Be8 42. f4 Re3 43. Be5 Rxh3 44. Kf6 Re3 45. Rb8 Re2 46. f5 1-0

[Event "Netanya Open 2019"]
[Site "Netanya ISR"]
[Date "2019.06.23"]
[Round "1.24"]
[White "Friedland, Eldar"]
[Black "Gorodetzky, David"]
[Result "1/2-1/2"]
[BlackTitle "IM"]
[WhiteElo "1959"]
[BlackElo "2461"]
[WhiteFideId "2820714"]
[BlackFideId "2813416"]
[EventDate "2019.06.23"]

1. d4 Nf6 2. c4 e6 3. Nc3 Bb4 4. e3 O-O 5. Ne2 c6 6. a3 Ba5 7. c5 d6 8. cxd6
Qxd6 9. b4 Bc7 10. g3 e5 11. Bg2 Rd8 12. Bb2 Qe7 13. O-O e4 14. Qc2 Bf5 15. b5
cxb5 16. Nxb5 Ba5 17. Qc5 Nc6 18. Bc3 Qd7 19. Bxa5 Nxa5 20. Qb4 b6 21. Rac1 Nd5
22. Qb1 Qe7 23. Nec3 Nf6 24. d5 Bg6 25. Rfd1 Qe5 26. d6 Nb7 27. Nc7 Rac8 28.
N3b5 1/2-1/2

[Event "Netanya Open 2019"]
[Site "Netanya ISR"]
[Date "2019.06.23"]
[Round "1.25"]
[White "Mindlin, Alon"]
[Black "Ehrlich, Roy"]
[Result "1-0"]
[WhiteTitle "IM"]
[WhiteElo "2454"]
[BlackElo "1938"]
[WhiteFideId "2800071"]
[BlackFideId "2821001"]
[EventDate "2019.06.23"]

1. c4 e6 2. d4 Bb4+ 3. Nc3 c5 4. e3 d5 5. Bd3 Nf6 6. Ne2 O-O 7. O-O b6 8. cxd5
exd5 9. dxc5 Bxc5 10. e4 dxe4 11. Nxe4 Nbd7 12. Bg5 Be7 13. Qa4 Bb7 14. Rfd1
Bxe4 15. Bxe4 Nxe4 16. Rxd7 Nxg5 17. Rxd8 Rfxd8 18. Re1 Bc5 19. Ng3 Ne6 20. Ne4
Bd4 21. b3 h6 22. h4 a5 23. Ng3 Rac8 24. Nf5 Bf6 25. Qg4 Kf8 26. Rd1 Rxd1+ 27.
Qxd1 Be5 28. g3 Rc5 29. Qd7 Rc7 30. Qb5 Rc1+ 31. Kg2 Bc7 32. Qd7 Bd8 33. Nd6 1-0

[Event "Netanya Open 2019"]
[Site "Netanya ISR"]
[Date "2019.06.23"]
[Round "1.26"]
[White "Pravdivetz, Vladimir"]
[Black "Abergel, Thal"]
[Result "0-1"]
[BlackTitle "GM"]
[WhiteElo "1927"]
[BlackElo "2450"]
[WhiteFideId "2810190"]
[BlackFideId "614890"]
[EventDate "2019.06.23"]

1. d4 Nf6 2. Nf3 e6 3. Nbd2 d5 4. e3 g6 5. Bd3 Bg7 6. O-O Nbd7 7. b4 O-O 8. Bb2
a5 9. a3 c6 10. c4 b6 11. Qc2 Bb7 12. Rfc1 Qe7 13. bxa5 Rxa5 14. a4 Rfa8 15. Bc3
R5a7 16. Rcb1 c5 17. Be2 Bc6 18. a5 bxa5 19. dxc5 Nxc5 20. Bd4 Rc7 21. Bxc5 Qxc5
22. Nb3 Qe7 23. Nxa5 Rac8 24. Nxc6 Rxc6 25. Ra4 Ne4 26. Nd4 Bxd4 27. exd4 Qf6
28. c5 Qxf2+ 29. Kh1 Qe3 30. Bf3 Nf2+ 31. Kg1 Ne4+ 32. Kh1 Nxc5 33. dxc5 Rxc5 0-1

[Event "Netanya Open 2019"]
[Site "Netanya ISR"]
[Date "2019.06.23"]
[Round "1.28"]
[White "Gerchikov, Pavel"]
[Black "Kantsler, Boris"]
[Result "0-1"]
[BlackTitle "GM"]
[WhiteElo "1902"]
[BlackElo "2420"]
[WhiteFideId "2805219"]
[BlackFideId "2805359"]
[EventDate "2019.06.23"]

1. e4 g6 2. h4 h5 3. d4 d5 4. exd5 Qxd5 5. Nc3 Qd8 6. Nf3 Bg4 7. Be2 Bg7 8. Be3
Nh6 9. Ne5 Bxe5 10. dxe5 Qxd1+ 11. Rxd1 Bxe2 12. Kxe2 Nf5 13. Nd5 Na6 14. c3
O-O-O 15. g3 e6 16. Nf6 Nb8 17. Ne4 Nc6 18. Bg5 Rd5 19. Bf6 Re8 20. f4 Ra5 21.
Ra1 Ra4 22. b4 a5 23. a3 b6 24. Kf3 Kb7 25. Ng5 Ra8 26. b5 Na7 27. Nxf7 Nxb5 28.
Nd8+ Rxd8 29. Bxd8 Nxc3 30. Rhc1 Nd4+ 31. Kg2 Nd5 32. Kh3 Nb3 33. Rd1 Nxa1 34.
Rxa1 Rd4 35. Bg5 Rd3 36. Kg2 Ne3+ 37. Kf2 a4 38. Ke2 Rb3 39. Be7 Nf5 40. Bb4
Nxg3+ 41. Kf2 Nf5 42. Rg1 Nxh4 43. Be7 Rb2+ 0-1

[Event "Netanya Open 2019"]
[Site "Netanya ISR"]
[Date "2019.06.23"]
[Round "1.32"]
[White "Sheinkman, Lidan"]
[Black "Krayz, Alexander"]
[Result "1/2-1/2"]
[BlackTitle "IM"]
[WhiteElo "1874"]
[BlackElo "2377"]
[WhiteFideId "2818515"]
[BlackFideId "2802066"]
[EventDate "2019.06.23"]

1. d4 Nf6 2. c4 e6 3. Nf3 b6 4. g3 Ba6 5. b3 Bb4+ 6. Bd2 Be7 7. Bg2 c6 8. O-O d5
9. cxd5 cxd5 10. Ne5 Nfd7 11. Nxd7 Qxd7 12. Bc3 Nc6 13. Bb2 h5 14. Nd2 h4 15.
Nf3 hxg3 16. hxg3 f5 17. Qd2 Bf6 18. Rac1 Rc8 19. Rc2 Rh5 20. Rfc1 g5 21. Ne5
Nxe5 22. dxe5 Rxc2 23. Qxc2 Bd8 24. Rd1 Rh8 25. Bxd5 Bb7 26. Bf3 Bxf3 27. exf3
Qb7 28. Qd3 Be7 29. Ba3 Qd5 30. Qe2 Qc6 31. Bxe7 Kxe7 32. Kg2 g4 33. Rd3 Qc1 34.
Qd1 gxf3+ 35. Kxf3 Qc6+ 36. Ke2 Qb5 37. Kf3 Qc6+ 38. Ke2 Qe4+ 39. Re3 Qg4+ 40.
Rf3 Rd8 41. Qc2 Rd5 42. Qc7+ Rd7 43. Qc3 Kf7 44. Qc4 Rd4 45. Qc7+ Kg6 46. Qc3
Rd5 47. Qe3 Qh5 48. Qf4 Qh1 49. Rd3 Rxd3 50. Kxd3 Qb1+ 51. Kc3 Qxa2 52. g4 Qb1
53. gxf5+ Qxf5 54. Qg3+ Kf7 55. f4 Qe4 56. Qg5 Qg6 57. Qd8 Kg7 58. Qe7+ Qf7 59.
Qg5+ Kh7 60. Qh4+ Kg8 61. Qg5+ 1/2-1/2

[Event "Netanya Open 2019"]
[Site "Netanya ISR"]
[Date "2019.06.23"]
[Round "1.36"]
[White "Zoabi, Jihad"]
[Black "Parkhov, Yair"]
[Result "0-1"]
[BlackTitle "FM"]
[WhiteElo "1815"]
[BlackElo "2354"]
[WhiteFideId "371281920"]
[BlackFideId "2813408"]
[EventDate "2019.06.23"]

1. e4 c5 2. Nf3 d6 3. Bb5+ Nd7 4. c3 Nf6 5. Qe2 a6 6. Ba4 b5 7. Bc2 e5 8. O-O
Be7 9. d4 O-O 10. dxe5 Nxe5 11. Nxe5 dxe5 12. Rd1 Qc7 13. Bg5 Be6 14. Nd2 Ng4
15. Bxe7 Qxe7 16. Nf3 f6 17. Rd2 Nh6 18. Rad1 Nf7 19. h3 Rfd8 20. Nh2 Rxd2 21.
Rxd2 Rd8 22. a4 Rxd2 23. Qxd2 Qd6 24. Qe2 c4 25. Qe3 b4 26. cxb4 Qxb4 27. Qc3
Qxc3 28. bxc3 Kf8 29. Nf1 Ke7 30. Ne3 Kd6 31. Kf1 Kc5 32. Ke2 Nd6 33. Nf5 Nxf5
34. exf5 Bd7 35. g4 Kb6 36. h4 h6 37. f4 exf4 38. Kf3 Ka5 39. Kxf4 Bxa4 40. Be4
Kb6 41. g5 hxg5+ 42. hxg5 Kc5 43. Kg4 Bd1+ 0-1

[Event "Netanya Open 2019"]
[Site "Netanya ISR"]
[Date "2019.06.23"]
[Round "1.45"]
[White "Tzidkiya, Yeshaayahu"]
[Black "Sobel, Alon"]
[Result "1-0"]
[WhiteElo "2265"]
[BlackElo "1714"]
[WhiteFideId "2824493"]
[BlackFideId "2816946"]
[EventDate "2019.06.23"]

1. e4 c5 2. Nf3 e6 3. d4 cxd4 4. Nxd4 Nf6 5. Nc3 d6 6. g4 h6 7. Rg1 Be7 8. Be3
Nc6 9. Qe2 a6 10. h4 Nd7 11. O-O-O Qc7 12. g5 hxg5 13. hxg5 g6 14. f4 b5 15.
Nxc6 Qxc6 16. Bd4 Rh5 17. Bg2 Bb7 18. Bf3 Rh7 19. Rge1 O-O-O 20. Nd5 Bxg5 21.
fxg5 exd5 22. exd5 Qc4 23. Qxc4+ bxc4 24. Re7 Kb8 25. Rh1 Rxh1+ 26. Bxh1 Ne5 27.
Be4 Kc8 28. Bb6 Rh8 29. Bc7 Rh4 30. Bxd6 Rxe4 31. Rc7+ Kd8 32. Rxb7 Nf3 33. Bb4
Nxg5 34. Bd2 Rg4 35. Bxg5+ 1-0

[Event "Netanya Open 2019"]
[Site "Netanya ISR"]
[Date "2019.06.23"]
[Round "1.54"]
[White "Lukin, Elisha"]
[Black "Lazebnikov, Yefim"]
[Result "1-0"]
[WhiteElo "2196"]
[BlackElo "1444"]
[WhiteFideId "2813262"]
[BlackFideId "2831171"]
[EventDate "2019.06.23"]

1. d4 e6 2. c4 b6 3. Nc3 Bb7 4. e3 Bb4 5. Ne2 Nf6 6. a3 Be7 7. d5 exd5 8. cxd5
d6 9. g3 Nbd7 10. Bg2 O-O 11. O-O Re8 12. b3 Bf8 13. Bb2 g6 14. Rc1 a6 15. Qd2
Bg7 16. Nd4 Ne5 17. f4 Neg4 18. Rce1 Rc8 19. h3 Nh6 20. e4 Nd7 21. b4 Kf8 22. g4
b5 23. g5 Ng8 24. e5 dxe5 25. Ne6+ fxe6 26. fxe5+ Bf6 27. gxf6 Kf7 28. dxe6+
Rxe6 29. Bxb7 Nb6 30. Qf2 Rb8 31. Ne4 h6 32. Rd1 Qe8 33. Nc5 Rxb7 34. Nxb7 Qc6
35. Nd8+ 1-0